1675 1313 1083 1197 1235 1746 1887 1659 1608 1676 1657 1088 1901 1218 1422 1642 1684 1741 1018 1625 1706 1958 1889 1961 1217 1221 1189 1190 1073 1170 1852 1594 1767 1301 1273 1038 1298 1570 1611 1684 1167 1703 1216 1447 1302 1786 1429 1689 1714 1981 1918 1965 1014 1403 1065 1455 1993 1590 1050 1498 1653 1507 1663 1277 1185 1362 1276 1318 1862 1917 1808 1159 1529 1009 1786 1933 1791 1521 1635 1829 1055 1924 1517 1623 1964 1305 1912 1572 1214 1020 1088 1438 1393 1332 1757 1849 1352 1144 1015 BCNSPRNW ULIB Ver.6.0+V

เปลี่ยนเป็นภาษาไทย

Change to English
 แสดงรายละเอียดบรรณานุกรม
  กลับหน้าหลัก

Brief Record : Get Marc (ISO 2709) : E-mail record : QR code < ปิดหน้าต่าง
LEADER : 00000nam 2200000uu 4500
001    13399114776
003     ULIB
008    120517s2554||||th 000 0 tha d
020    ^a9786161106782
050  4 ^aDS586^bร146 2554
245 00 ^aร่มเกล้า ปกฟ้า สาธารณสุขไทย /^cกาญจนา กาญจนสินิทธิ์ ; บรรณาธิการ
250    ^aพิมพ์ครั้งที่ 1
260    ^aนนทบุรี :^bกระทรวงสาธารณสุข,^c2554
300    ^a163, [4] หน้า :^bภาพประกอบ ;^c23 ซม.
500    ^aSend to Single Search
600 04 ^aภูมิพลอดุลยเดช, พระบาทสมเด็จพระปรมินทรมหา,^d2470-
650  4 ^aสาธารณสุข^zไทย
700 0  ^aกาญจนา กาญจนสินิทธิ์,^eบรรณาธิการ
710 2  ^aกระทรวงสาธารณสุข
945    ^p0^l0^i19059
945    ^p0^l0^i19060
995    ^aกัณชพร
999 ^a ใช้งานได้ทุกระบบ
รายการนี้ยังไม่มีแท็ก
คุณยังไม่ได้ล็อกอิน คุณสามารถมีกิจกรรมร่วมกับเว็บไซต์ได้ แต่ต้องล็อกอินก่อน ::
  ล็อกอิน

รายการสื่อสารสนเทศ

ลำดับที่ ประเภท เลขเรียก/บาร์โค้ด สถานที่ สถานะ
- ไม่พบข้อมูล -

BibComment


ยังไม่เคยถูกคอมเมนท์

คอมเมนท์ทรัพยากรรายการนี้
  คอมเมนท์: ร่มเกล้า ปกฟ้า ส..


 Copyright 2026. Bcnsprnw @Library